Seminario sobre las Perspectivas de Desarrollo del Sector Pesquero Chileno

Saved in:
Bibliographic Details
Corporate Authors: Asociación de Profesionales Pesqueros de Chile (Author), Universidad Católica de Valparaíso (Author)
Format: Book
Language:Spanish
Published: Valparaíso Universitarias de Valparaíso 1975
Subjects:
Tags: Add Tag
No Tags, Be the first to tag this record!

MARC

LEADER 00000nam a2200000 a 4500
001 UCY3385
003 CL-VaPUC
005 20221021074602.0
008 941226e19750000cl 1 spa d
082 0 4 |a 639.209  |b ASO  |2 21 
110 2 |a Asociación de Profesionales Pesqueros de Chile  |e author  |9 617139 
710 2 |a Universidad Católica de Valparaíso  |e author  |9 617140 
245 1 0 |a Seminario sobre las Perspectivas de Desarrollo del Sector Pesquero Chileno 
260 |a Valparaíso  |b Universitarias de Valparaíso  |c 1975 
300 |a 313 p 
583 |a last modification  |c 19941226 00:00:00  |k Rodrigo Vera 
650 0 0 |a Industria pesquera  |9 255432 
650 0 0 |a Congresos  |9 257560 
651 7 |a CHILE  |2 CL-VaPUC  |9 617141 
942 |c BK 
945 |a mfernand  |d 19941226 00:00:00 
546 |a En Español 
518 |p Seminario sobre las Perspectivas de Desarrollo del Sector Pesquero Chileno, Viña del Mar, Septiembre 1974 
999 |c 382333  |d 382331 
952 |0 0  |1 0  |4 0  |6 639_209000000000000_ASO_1975  |7 0  |8 A  |9 503958  |a BIBCUR  |b BIBCUR  |d 2020-01-23  |i 1766376  |o 639.209 ASO 1975  |p 1766376  |r 2020-01-23  |w 2020-01-23  |y BK  |k BCB